La guerra civil española: 1936-1939

Saved in:
Bibliografiske detaljer
Hovedforfatter: Thomas, Hugh (Author)
Format: Bog
Sprog:spansk
Udgivet: Barcelona Grijalbo 1981
Udgivelse:7a. ed
Serier:Dimensiones Hispánicas
Fag:
Tags: Tilføj Tag
Ingen Tags, Vær først til at tagge denne postø!

MARC

LEADER 00000nam a2200000 a 4500
001 UCQ6069
003 CL-VaPUC
008 981009e19810000SP |||||||||||||||||spa|d
082 0 4 |a 946.081  |b THO  |2 21 
100 0 |a Thomas, Hugh  |e author  |9 420019 
245 1 3 |a La guerra civil española: 1936-1939 
250 |a 7a. ed 
300 |a 2 v 
942 |c BK 
945 |d 19981009 00:00:00  |a lriquelm 
260 |a Barcelona  |b Grijalbo  |c 1981 
650 0 |a Historia  |9 255047 
650 0 |a Guerra civil española  |9 331803 
650 7 |a REVOLUCION ESPAÑOLA  |2 CL-VaPUC  |9 367658 
651 0 |a España  |9 254926 
583 |a last modification  |c 19981009 00:00:00  |k Rodrigo Vera 
490 0 |a Dimensiones Hispánicas 
999 |c 276072  |d 276070 
952 |0 0  |1 0  |4 0  |6 946_081000000000000_THO_1981  |7 0  |8 A  |9 313195  |a FDOPOS  |b FDOPOS  |d 2019-11-20  |h v.1  |i 1474510  |o 946.081 THO 1981  |p 1474510  |r 2025-01-22  |w 2019-11-20  |y BK  |k MLH 
952 |0 0  |1 0  |4 0  |6 946_081000000000000_THO_1981  |7 0  |8 A  |9 313196  |a FDOPOS  |b FDOPOS  |d 2019-11-20  |h v.2  |i 1474561  |o 946.081 THO 1981  |p 1474561  |r 2025-01-22  |w 2019-11-20  |y BK  |k MLH 
952 |0 0  |1 0  |4 0  |6 946_081000000000000_THO_1981  |7 0  |8 A  |9 313197  |a BIBHIS  |b BIBHIS  |d 2019-11-20  |h v.1  |i 1383736  |o 946.081 THO 1981  |p 1383736  |r 2025-01-20  |w 2019-11-20  |y BK  |k HIS 
952 |0 0  |1 0  |4 0  |6 946_081000000000000_THO_1981  |7 0  |8 A  |9 313198  |a BIBHIS  |b BIBHIS  |d 2019-11-20  |h v.2  |i 1383744  |o 946.081 THO 1981  |p 1383744  |r 2025-01-20  |w 2019-11-20  |y BK  |k HIS